| 000 | 00614nam a2200241Ia 4500 | ||
|---|---|---|---|
| 003 | OSt | ||
| 005 | 20250408110854.0 | ||
| 008 | 210210b2002 xxu||||| |||| 00| 0 eng d | ||
| 020 | _a81 7866 486 0 | ||
| 040 | _cAL | ||
| 041 | _aEnglish | ||
| 082 | _a659.1 CHUF | ||
| 100 |
_aCHUNAWALLA (S A) _9207865 |
||
| 245 | _aFoundations of advertising theory and practice | ||
| 250 | _a5 Rev | ||
| 260 |
_aMumbai. _bHimalaya Publishing House _c2002 |
||
| 300 | _a786 | ||
| 650 |
_aAdvertising _9207866 |
||
| 690 |
_aAdvertising _9207866 |
||
| 700 |
_aSETHIA (K C). _9207867 |
||
| 906 | _a058422 | ||
| 942 |
_2ddc _cBK |
||
| 999 |
_c105477 _d105477 |
||